| 000 | 00919nam a2200253 a 4500 | ||
|---|---|---|---|
| 001 | 000035282 | ||
| 005 | 20200930074228.0 | ||
| 008 | 111027s1968 sp 000 0 spa d | ||
| 040 |
_aDO-SdBNP _bspa _cBNPHU |
||
| 082 |
_a320.938 _bA885L |
||
| 100 | 1 |
_aAttilio Levi, Mario _961047 |
|
| 240 | 1 | 3 |
_aLa lotta politica nel mondo antico. _lespañol |
| 245 | 1 | 3 |
_aLa lucha política en el mundo antiguo / _cMario Attilio Levi ; traducción del italiano por Jesús López Pacheco. |
| 260 |
_aMadrid : _bRevista de occidente, _c1968. |
||
| 300 |
_a287 p. ; _c19 cm. |
||
| 490 | 1 | _aMinor | |
| 590 | _aPerteneció a la biblioteca personal de Juan Isidro Jimenes Grullón. | ||
| 650 | 4 |
_aCivilización grego-romana _961048 |
|
| 651 | 4 |
_aGrécia _xPolítica Y Gobierno _961049 |
|
| 651 | 4 |
_aRoma _xPolítica Y Gobierno _918432 |
|
| 700 | 1 | 2 |
_aLópez Pacheco, Jesús, _etr. _925523 |
| 830 | 0 |
_aMinor _97817 |
|
| 910 | _asuppressed | ||
| 999 |
_c34773 _d34773 |
||